[Event "Mittelfrank Regionalliga Nord-West 2223"]
[Site "Mittelfranken"]
[Date "2022.11.27"]
[Round "3.6"]
[White "Link, Klaus"]
[Black "Saring, Christoph"]
[Result "1-0"]
[WhiteElo "1875"]
[BlackElo "1966"]
[PlyCount "99"]
[EventDate "2022.10.09"]
[EventType "team-tourn"]
[EventRounds "9"]
[EventCountry "GER"]
[SourceTitle "EXT 2024"]
[Source "ChessBase"]
[SourceDate "2023.10.10"]
[SourceVersion "1"]
[SourceVersionDate "2023.10.10"]
[SourceQuality "1"]
[WhiteTeam "Klingenberg"]
[BlackTeam "Bamberg II"]
[WhiteTeamCountry "GER"]
[BlackTeamCountry "GER"]

1. e4 e5 2. Nf3 Nf6 3. Nc3 Nc6 4. d4 exd4 5. Nxd4 d6 6. Bg5 Be7 7. Nxc6 bxc6 8. Be2 Nxe4 9. Bxe7 Qxe7 10. Nxe4 Qxe4 11. 0-0 0-0 12. Bf3 Qc4 13. b3 Qc5 14. b4 Qc4 15. Qd2 Bd7 16. Be2 Qd5 17. Qxd5 cxd5 18. Rfd1 Rfb8 19. c3 a5 20. a3 axb4 21. axb4 Be6 22. f4 f5 23. Bf3 Kf7 24. Rxa8 Rxa8 25. Bxd5 Bxd5 26. Rxd5 Ke6 27. Rd3 Ra2 28. h4 Rc2 29. Kh2 g6 30. Kg3 h5 31. Kf3 Kd7 32. g3 Kc6 33. Ke3 Rg2 34. Kd4 d5 35. Ke5 Kb5 36. Rxd5+ Kb6 37. Rd3 Kb5 38. Re3 Kc4 39. Kf6 Rc2 40. Re7 c6 41. Re6 Kd5 42. Re3 Kc4 43. Kxg6 Rxc3 44. Rxc3+ Kxc3 45. Kxf5 Kxb4 46. Ke4 c5 47. f5 c4 48. f6 c3 49. f7 c2 50. f8Q+ 1-0

[Event "Regionalliga Nord-West 1819"]
[Site "Bayern"]
[Date "2019.02.24"]
[Round "7.4"]
[White "Saring, Christoph"]
[Black "Elbert, Gebhard"]
[Result "1-0"]
[WhiteElo "1990"]
[BlackElo "1907"]
[PlyCount "139"]
[EventDate "2018.10.21"]
[EventType "team-tourn"]
[EventRounds "9"]
[EventCountry "GER"]
[SourceTitle "EXT 2022"]
[Source "ChessBase"]
[SourceDate "2021.10.06"]
[SourceVersion "1"]
[SourceVersionDate "2021.10.06"]
[SourceQuality "1"]
[WhiteTeam "Bamberg SC II"]
[BlackTeam "Sailauf"]
[WhiteTeamCountry "GER"]
[BlackTeamCountry "GER"]

1. c4 Nf6 2. Nc3 e6 3. g3 d5 4. Bg2 c6 5. b3 Bd6 6. Nf3 0-0 7. d4 Bb4 8. Bd2 Nbd7 9. 0-0 Qe7 10. Re1 b6 11. Qc1 Re8 12. a3 Bxc3 13. Bxc3 Ne4 14. Bb2 Bb7 15. Nd2 Nxd2 16. Qxd2 Rad8 17. e4 Qf6 18. e5 Qf5 19. cxd5 exd5 20. Bf1 Nf8 21. Bd3 Qh5 22. Rac1 Ne6 23. Be2 Qh3 24. Bf1 Qf5 25. Qc2 Qh5 26. h4 Qg4 27. Be2 Qg6 28. Qxg6 hxg6 29. b4 f6 30. f4 Rc8 31. Bd3 Kf7 32. Kf2 c5 33. Bb5 Re7 34. bxc5 bxc5 35. dxc5 Nxc5 36. Bd4 Ne4+ 37. Kg2 a6 38. Bd3 Rec7 39. Rxc7+ Rxc7 40. Rb1 Nd2 41. Rb6 Nc4 42. Rb3 Bc6 43. Kf2 Bd7 44. Bc3 Bb5 45. Bd4 Bd7 46. Bxc4 dxc4 47. Rc3 Bf5 48. Ke3 Bd3 49. Rc1 Ke6 50. Bc3 Rb7 51. a4 Rd7 52. Rd1 Kf5 53. a5 Rd5 54. Ra1 Be4 55. g4+ Kxg4 56. Kxe4 Rd3 57. e6 f5+ 58. Ke5 Rxc3 59. Re1 Rb3 60. e7 Rb8 61. Kd4 Re8 62. Kxc4 Kxf4 63. Kd5 Kg3 64. Ke6 Kf2 65. Re5 Kg3 66. Kf7 Rxe7+ 67. Rxe7 Kxh4 68. Kxg6 Kg4 69. Kxg7 f4 70. Re6 1-0

[Event "Landesliga Nord 1415"]
[Site "Bayern"]
[Date "2014.11.23"]
[Round "3.7"]
[White "Saring, Christoph"]
[Black "Rein, Iwan"]
[Result "0-1"]
[WhiteElo "1992"]
[BlackElo "1978"]
[PlyCount "68"]
[EventDate "2014.10.19"]
[EventType "team-tourn"]
[EventRounds "9"]
[EventCountry "GER"]
[SourceTitle "EXT 2018"]
[Source "ChessBase"]
[SourceDate "2017.10.13"]
[SourceVersion "1"]
[SourceVersionDate "2017.10.13"]
[SourceQuality "1"]
[WhiteTeam "Bamberg SC"]
[BlackTeam "Bindlach Aktionaer II"]
[WhiteTeamCountry "GER"]
[BlackTeamCountry "GER"]

1. c4 Nf6 2. Nc3 e5 3. e4 Bc5 4. Be2 Nc6 5. Nf3 d6 6. d3 h6 7. Na4 Bb4+ 8. Bd2 a5 9. 0-0 Bxd2 10. Qxd2 Bd7 11. Nc3 0-0 12. Bd1 Be6 13. h3 Nd7 14. g4 Nc5 15. Ne2 Nb4 16. Bc2 Nxc2 17. Qxc2 f5 18. exf5 Bxf5 19. gxf5 Rxf5 20. d4 Rxf3 21. Kg2 Qg5+ 22. Ng3 Ne6 23. dxe5 Qh4 24. Qd2 Ng5 25. Rh1 Raf8 26. Raf1 Qxc4 27. exd6 Qc6 28. Kh2 cxd6 29. Qd4 R8f4 30. Qa7 b6 31. Nh5 Rxf2+ 32. Rxf2 Rxf2+ 33. Kg3 Qg2+ 34. Kh4 Nf3# 0-1

[Event "Regionalliga NW 1314"]
[Site "Bayern"]
[Date "2014.04.06"]
[Round "9.8"]
[White "Saring, Christoph"]
[Black "Kriener, Peter Georg"]
[Result "1-0"]
[WhiteElo "1991"]
[BlackElo "1633"]
[PlyCount "75"]
[EventDate "2013.10.13"]
[EventType "team-tourn"]
[EventRounds "9"]
[EventCountry "GER"]
[SourceTitle "EXT 2015"]
[Source "ChessBase"]
[SourceDate "2014.11.20"]
[SourceVersion "1"]
[SourceVersionDate "2014.11.20"]
[SourceQuality "1"]
[WhiteTeam "Bamberg"]
[BlackTeam "Prichsenstadt"]
[WhiteTeamCountry "GER"]
[BlackTeamCountry "GER"]

1. c4 c6 2. Nc3 d5 3. e3 Nf6 4. d4 e6 5. Nf3 Nbd7 6. Bd3 dxc4 7. Bxc4 a6 8. 0-0 b5 9. Bd3 c5 10. b3 Bb7 11. Bb2 Be7 12. Rc1 0-0 13. Qe2 Re8 14. Rfd1 cxd4 15. Nxd4 Qb6 16. a3 e5 17. Nf5 Bf8 18. b4 e4 19. Bb1 Ne5 20. Ng3 Nc4 21. Rd4 Rad8 22. Rcd1 g6 23. Ba2 Nxb2 24. Qxb2 Bg7 25. Qb3 Rxd4 26. Qxf7+ Kh8 27. Rxd4 Rf8 28. Qe7 Re8 29. Qd6 Qxd6 30. Rxd6 Rf8 31. Rb6 Bc8 32. Rc6 Bb7 33. Rc7 Rb8 34. Re7 h5 35. Nge2 Ng4 36. h3 Ne5 37. Nf4 Kh7 38. Ne6 1-0

[Event "Regionalliga NW 1314"]
[Site "Bayern"]
[Date "2014.03.16"]
[Round "8.8"]
[White "Guentner, Peter"]
[Black "Saring, Christoph"]
[Result "0-1"]
[WhiteElo "1898"]
[BlackElo "1991"]
[PlyCount "122"]
[EventDate "2013.10.13"]
[EventType "team-tourn"]
[EventRounds "9"]
[EventCountry "GER"]
[SourceTitle "EXT 2015"]
[Source "ChessBase"]
[SourceDate "2014.11.20"]
[SourceVersion "1"]
[SourceVersionDate "2014.11.20"]
[SourceQuality "1"]
[WhiteTeam "Rottendorf"]
[BlackTeam "Bamberg"]
[WhiteTeamCountry "GER"]
[BlackTeamCountry "GER"]

1. d4 d6 2. Bg5 Nd7 3. e3 Ngf6 4. f4 h6 5. Bh4 e6 6. Nf3 Be7 7. Nbd2 Ng4 8. Bf2 Nxf2 9. Kxf2 f5 10. Bd3 0-0 11. Re1 d5 12. Kg1 b6 13. Bb5 Bb7 14. Bxd7 Qxd7 15. Ne5 Qe8 16. Qe2 a5 17. Qf2 Kh7 18. h4 Ba6 19. Qg3 Bf6 20. Ndf3 Bxe5 21. Nxe5 Qh5 22. Kf2 Rac8 23. Qh3 c5 24. c3 Rc7 25. Nf3 Bd3 26. Rg1 cxd4 27. exd4 Qg4 28. Qxg4 fxg4 29. Ne5 Be4 30. Ke3 h5 31. g3 b5 32. Nd3 Bf5 33. a3 Bxd3 34. Kxd3 Kg6 35. Rge1 Kf6 36. Re5 g6 37. Rae1 Rc6 38. Ra1 Rb8 39. Re2 Rb7 40. Rc2 b4 41. axb4 axb4 42. c4 dxc4+ 43. Rxc4 Rd6 44. Ra4 b3 45. Rab4 Ra7 46. Rxb3 Ra1 47. Rc8 Rd1+ 48. Kc2 R6xd4 49. Rf8+ Ke7 50. Rg8 R1d2+ 51. Kb1 Rd1+ 52. Ka2 Ra4+ 53. Ra3 Rxa3+ 54. bxa3 Rd2+ 55. Kb1 Kf7 56. Rc8 Rd3 57. Rc2 Rxg3 58. Ra2 Rg1+ 59. Kb2 Rg2+ 60. Kb3 Rxa2 61. Kxa2 g3 0-1

[Event "Regionalliga NW 1011"]
[Site "Bayern"]
[Date "2011.03.20"]
[Round "8.1"]
[White "Dietze, Sebastian"]
[Black "Saring, Christoph"]
[Result "1-0"]
[WhiteElo "2133"]
[BlackElo "2017"]
[PlyCount "79"]
[EventDate "2010.10.10"]
[EventType "team-tourn"]
[EventRounds "9"]
[EventCountry "GER"]
[SourceTitle "EXT 2012"]
[Source "ChessBase"]
[SourceDate "2011.11.24"]
[SourceVersion "1"]
[SourceVersionDate "2011.11.24"]
[SourceQuality "1"]
[WhiteTeam "Hoechstadt/Aisch"]
[BlackTeam "Bamberg II"]
[WhiteTeamCountry "GER"]
[BlackTeamCountry "GER"]

1. d4 d5 2. c3 f5 3. Bg5 Nd7 4. e3 Ngf6 5. Nd2 e6 6. f4 Be7 7. Bxf6 Nxf6 8. Ngf3 Bd6 9. Bd3 0-0 10. 0-0 a5 11. c4 c6 12. c5 Bb8 13. Qa4 Bd7 14. Ne5 b5 15. Qc2 Bxe5 16. dxe5 Ne4 17. Nf3 Qe7 18. Bxe4 fxe4 19. Nd4 Qh4 20. g3 Qh3 21. Qg2 Qxg2+ 22. Kxg2 h5 23. h3 g6 24. g4 hxg4 25. hxg4 Kg7 26. Kg3 Rae8 27. Rh1 Rh8 28. Raf1 Rxh1 29. Rxh1 Re7 30. Nb3 a4 31. Nd4 Re8 32. Rh2 Ra8 33. f5 gxf5 34. gxf5 exf5 35. e6 Be8 36. Kf4 Bg6 37. Ke5 Rc8 38. Rg2 b4 39. Nxf5+ Kh7 40. Rh2+ 1-0

[Event "Regionalliga NW 1011"]
[Site "Bayern"]
[Date "2011.02.27"]
[Round "7.1"]
[White "Lorenz, Mark"]
[Black "Saring, Christoph"]
[Result "1/2-1/2"]
[WhiteElo "2223"]
[BlackElo "2017"]
[PlyCount "119"]
[EventDate "2010.10.10"]
[EventType "team-tourn"]
[EventRounds "9"]
[EventCountry "GER"]
[SourceTitle "EXT 2012"]
[Source "ChessBase"]
[SourceDate "2011.11.24"]
[SourceVersion "1"]
[SourceVersionDate "2011.11.24"]
[SourceQuality "1"]
[WhiteTeam "Marktleuthen"]
[BlackTeam "Bamberg II"]
[WhiteTeamCountry "GER"]
[BlackTeamCountry "GER"]

1. g3 d5 2. Nf3 f5 3. Bg2 Nf6 4. b3 e6 5. Bb2 Be7 6. c4 c6 7. d3 0-0 8. 0-0 Bd7 9. Nbd2 Be8 10. Qc2 Na6 11. a3 Rc8 12. b4 Bg6 13. Ne5 Qe8 14. Nxg6 Qxg6 15. e3 h5 16. Nf3 Nd7 17. Rac1 h4 18. Ne5 Nxe5 19. Bxe5 Bf6 20. Qb2 hxg3 21. hxg3 Bxe5 22. Qxe5 Qf6 23. Qxf6 gxf6 24. Rc2 dxc4 25. Rxc4 Rcd8 26. d4 Nc7 27. Rc5 a6 28. Rb1 Kg7 29. Bf1 Rfe8 30. Rb3 Re7 31. Bd3 Rh8 32. Kg2 Rd8 33. Kf3 Rh8 34. a4 Ra8 35. Rb1 Ne8 36. Ra1 Kf8 37. Rh1 Kg7 38. Rh4 Kf8 39. Bc2 Rg7 40. Bb3 Ke7 41. Rh8 Nc7 42. Rxa8 Nxa8 43. b5 axb5 44. axb5 Kd6 45. bxc6 bxc6 46. Ba4 Rc7 47. Ra5 Nb6 48. Bb3 Rb7 49. Ra6 Nd7 50. Bc2 Rb2 51. Bd3 Rb3 52. Bf1 Rb1 53. Bh3 Rb2 54. Bf1 Rb1 55. Bc4 Rb4 56. Ba2 Rb2 57. Ra8 Nb8 58. Bc4 Rb4 59. Ba2 Rb2 60. Bc4 1/2-1/2

[Event "Landesliga Nord 0910"]
[Site "Bayern"]
[Date "2009.11.15"]
[Round "2.8"]
[White "Maurer, Christian"]
[Black "Saring, Christoph"]
[Result "1/2-1/2"]
[WhiteElo "2037"]
[BlackElo "2019"]
[PlyCount "36"]
[EventDate "2009.10.18"]
[EventType "team-tourn"]
[EventRounds "9"]
[EventCountry "GER"]
[SourceTitle "EXT 2011"]
[Source "ChessBase"]
[SourceDate "2010.11.26"]
[SourceVersion "1"]
[SourceVersionDate "2010.11.26"]
[SourceQuality "1"]
[WhiteTeam "Kelheim"]
[BlackTeam "Bamberg"]
[WhiteTeamCountry "GER"]
[BlackTeamCountry "GER"]

1. d4 d5 2. Nf3 Nf6 3. e3 c5 4. Be2 Nc6 5. 0-0 e6 6. c3 Be7 7. dxc5 Bxc5 8. b4 Bd6 9. Bb2 0-0 10. Nbd2 b6 11. a3 Bb7 12. c4 Rc8 13. Qb3 Qe7 14. Rac1 Rfd8 15. Rfd1 Bb8 16. Nf1 dxc4 17. Bxc4 Rxd1 18. Rxd1 Ng4 1/2-1/2

[Event "Regionalliga NW 0809"]
[Site "Bayern"]
[Date "2008.10.05"]
[Round "1.3"]
[White "Kunz, Konstantin"]
[Black "Saring, Christoph"]
[Result "1/2-1/2"]
[WhiteElo "2157"]
[BlackElo "2005"]
[PlyCount "98"]
[EventDate "2008.10.05"]
[EventType "team-tourn"]
[EventRounds "9"]
[EventCountry "GER"]
[SourceTitle "EXT 2020"]
[Source "ChessBase"]
[SourceDate "2019.10.17"]
[SourceVersion "1"]
[SourceVersionDate "2019.10.17"]
[SourceQuality "1"]
[WhiteTeam "Kitzingen"]
[BlackTeam "Bamberg SC II"]
[WhiteTeamCountry "GER"]
[BlackTeamCountry "GER"]

1. d4 d5 2. Nf3 Nf6 3. c4 e6 4. e3 Be7 5. Bd3 dxc4 6. Bxc4 c5 7. 0-0 Nc6 8. Qe2 a6 9. Bb3 Bd7 10. Rd1 cxd4 11. exd4 Nb4 12. Nc3 Bc6 13. Ne5 Bd5 14. Nxd5 Nbxd5 15. Ba4+ b5 16. Bb3 0-0 17. a4 b4 18. Bg5 Qd6 19. Rac1 Rfc8 20. Qf3 Nb6 21. Nc6 Nfd5 22. Bxe7 Nxe7 23. Nxe7+ Qxe7 24. a5 Nd5 25. Bxd5 exd5 26. Qxd5 Rd8 27. Qc4 Qb7 28. Qc6 Qxc6 29. Rxc6 Rd5 30. Rb6 Rxa5 31. Rxb4 Rd5 32. g3 a5 33. Ra4 Rb8 34. Rd2 Kf8 35. Rc4 Rb7 36. Re2 f6 37. Kg2 Rbb5 38. Rcc2 Rd7 39. Rc4 Rdb7 40. Rcc2 Rd7 41. Rc5 Rxc5 42. dxc5 Rc7 43. Rc2 Ke7 44. Kf3 Kd7 45. Ke4 Kc6 46. Kd4 Rd7+ 47. Kc4 Rb7 48. Re2 Rb4+ 49. Kc3 Rb7 1/2-1/2

[Event "Regionalliga NW 0708"]
[Site "Bayern"]
[Date "2008.04.06"]
[Round "8.6"]
[White "Saring, Christoph"]
[Black "Bachmann, Wolfgang"]
[Result "1-0"]
[WhiteElo "2001"]
[BlackElo "1928"]
[PlyCount "69"]
[EventDate "2007.10.21"]
[EventType "team-tourn"]
[EventRounds "9"]
[EventCountry "GER"]
[SourceTitle "EXT 2009"]
[Source "ChessBase"]
[SourceDate "2008.11.26"]
[SourceVersion "1"]
[SourceVersionDate "2008.11.26"]
[SourceQuality "1"]
[WhiteTeam "Bamberg II"]
[BlackTeam "Wuerzburg II"]
[WhiteTeamCountry "GER"]
[BlackTeamCountry "GER"]

1. e4 c5 2. Nf3 e6 3. d4 cxd4 4. Nxd4 a6 5. Be2 Qc7 6. 0-0 Nc6 7. c4 Nf6 8. Nc3 Be7 9. Be3 0-0 10. Rc1 d6 11. b3 Re8 12. h3 Bd7 13. Qe1 Nxd4 14. Bxd4 Bc6 15. Bd3 Qd8 16. Qe2 d5 17. cxd5 exd5 18. e5 Ne4 19. Qe3 f5 20. f3 Bg5 21. f4 Bh4 22. Bb6 Qd7 23. Nxe4 fxe4 24. Be2 Bd8 25. Bd4 Qe7 26. f5 Qg5 27. Rf4 h5 28. Rcf1 Bc7 29. Qc3 Kh7 30. h4 Qd8 31. Bxh5 Rf8 32. Bg6+ Kg8 33. f6 gxf6 34. Qg3 Qd7 35. Bf5+ 1-0

[Event "Regionalliga NW 0708"]
[Site "Bayern"]
[Date "2008.02.17"]
[Round "6.6"]
[White "Saring, Christoph"]
[Black "Link, Klaus"]
[Result "0-1"]
[WhiteElo "2001"]
[BlackElo "1991"]
[PlyCount "120"]
[EventDate "2007.10.21"]
[EventType "team-tourn"]
[EventRounds "9"]
[EventCountry "GER"]
[SourceTitle "EXT 2009"]
[Source "ChessBase"]
[SourceDate "2008.11.26"]
[SourceVersion "1"]
[SourceVersionDate "2008.11.26"]
[SourceQuality "1"]
[WhiteTeam "Bamberg II"]
[BlackTeam "Klingenberg"]
[WhiteTeamCountry "GER"]
[BlackTeamCountry "GER"]

1. e4 c5 2. b3 d6 3. Bb2 Nc6 4. f4 e5 5. Nf3 g6 6. Bb5 Bg7 7. Bxc6+ bxc6 8. fxe5 Bxe5 9. Nxe5 Qh4+ 10. Kf1 dxe5 11. Bxe5 f6 12. Bd6 Ba6+ 13. c4 0-0-0 14. Bxc5 Qxe4 15. Qf3 Bxc4+ 16. Kf2 Bd5 17. Qxe4 Bxe4 18. Nc3 f5 19. Nxe4 fxe4 20. Ke2 Kb7 21. Rhf1 Nh6 22. Rac1 Rd7 23. Rf8 Rxf8 24. Bxf8 Nf5 25. Bc5 Nd4+ 26. Ke1 Ne6 27. Be3 Nc7 28. Rc4 Re7 29. Rb4+ Nb5 30. a4 a5 31. Rc4 Nd6 32. Rc5 Nf5 33. Bg1 e3 34. Rxa5 Nh4 35. dxe3 Nxg2+ 36. Ke2 Nf4+ 37. Kf3 Nh3 38. Bf2 Rf7+ 39. Kg3 Nxf2 40. Re5 Nd3 41. Re4 Nc5 42. Rb4+ Ka6 43. Rc4 Kb6 44. Rb4+ Kc7 45. Kg4 Rf2 46. h4 h6 47. Kg3 Rb2 48. Rg4 g5 49. hxg5 hxg5 50. Kf3 Rxb3 51. a5 Ne6 52. Ra4 Kb7 53. Re4 Nc7 54. Re7 Kc8 55. Rg7 Nd5 56. a6 Rxe3+ 57. Kg4 Ra3 58. a7 Nc7 59. Rg8+ Kb7 60. Rb8+ Kxa7 0-1

[Event "Regionalliga NW 0708"]
[Site "Bayern"]
[Date "2008.01.20"]
[Round "5.6"]
[White "Heimerdinger, Joerg"]
[Black "Saring, Christoph"]
[Result "1/2-1/2"]
[WhiteElo "2068"]
[BlackElo "2001"]
[PlyCount "91"]
[EventDate "2007.10.21"]
[EventType "team-tourn"]
[EventRounds "9"]
[EventCountry "GER"]
[SourceTitle "EXT 2009"]
[Source "ChessBase"]
[SourceDate "2008.11.26"]
[SourceVersion "1"]
[SourceVersionDate "2008.11.26"]
[SourceQuality "1"]
[WhiteTeam "Bindlach III"]
[BlackTeam "Bamberg II"]
[WhiteTeamCountry "GER"]
[BlackTeamCountry "GER"]

1. e4 d5 2. exd5 Nf6 3. d4 Nxd5 4. c4 Nf6 5. Nc3 Bf5 6. Bf4 e6 7. Qa4+ c6 8. Nf3 Bd6 9. Be3 0-0 10. Be2 Re8 11. 0-0 Nbd7 12. Rfd1 a6 13. c5 Bc7 14. b4 Nd5 15. Nxd5 exd5 16. Bd3 Be4 17. Bxe4 dxe4 18. Ng5 Nf6 19. Qb3 Nd5 20. Nh3 h6 21. g3 g5 22. Kg2 f5 23. Re1 Qf6 24. Rad1 f4 25. Bc1 f3+ 26. Kf1 Qf5 27. Ng1 g4 28. Re3 Re6 29. Rde1 Rae8 30. Qb1 Nxe3+ 31. Bxe3 Qh5 32. Rd1 Qxh2 33. Ke1 Qxg1+ 34. Kd2 Qh2 35. Rh1 Qg2 36. Rg1 Qh3 37. Rh1 Qg2 38. Rg1 Qh2 39. Rh1 Bxg3 40. Rxh2 Bxh2 41. Qh1 g3 42. fxg3 Bxg3 43. Qh5 Kg7 44. Qg4+ Rg6 45. Qd7+ Kf8 46. Qf5+ 1/2-1/2

[Event "Regionalliga NW 0607"]
[Site "Bayern"]
[Date "2006.10.15"]
[Round "1.7"]
[White "Nussbaumer, Hans"]
[Black "Saring, Christoph"]
[Result "0-1"]
[WhiteElo "1935"]
[BlackElo "1990"]
[PlyCount "52"]
[EventDate "2006.10.15"]
[EventType "team-tourn"]
[EventRounds "9"]
[EventCountry "GER"]
[SourceTitle "EXT 2008"]
[Source "ChessBase"]
[SourceDate "2007.11.25"]
[SourceVersion "1"]
[SourceVersionDate "2007.11.25"]
[SourceQuality "1"]
[WhiteTeam "Kitzingen"]
[BlackTeam "Bamberg II"]
[WhiteTeamCountry "GER"]
[BlackTeamCountry "GER"]

1. e4 e5 2. f4 exf4 3. Nf3 d5 4. exd5 Nf6 5. c4 c6 6. d4 Bb4+ 7. Nc3 cxd5 8. Be2 dxc4 9. 0-0 0-0 10. Bxf4 Bg4 11. Bxc4 Nc6 12. a3 Ba5 13. d5 Bb6+ 14. Kh1 Nd4 15. Qd2 Bxf3 16. gxf3 Rc8 17. Ba2 Nh5 18. Bg5 Qd6 19. Be3 Qf6 20. Ne4 Qe5 21. Bxd4 Bxd4 22. Rab1 Nf4 23. Rfd1 Bb6 24. Re1 Nh3 25. Ng3 Qf6 26. Re2 Qxf3+ 0-1

[Event "Landesliga Nord 0405"]
[Site "Bayern"]
[Date "2005.01.30"]
[Round "6.5"]
[White "Mueller, Christian2222"]
[Black "Saring, Christoph"]
[Result "0-1"]
[WhiteElo "2019"]
[BlackElo "1995"]
[PlyCount "120"]
[EventDate "2004.10.24"]
[EventType "team-tourn"]
[EventRounds "9"]
[EventCountry "GER"]
[SourceTitle "EXT 2008"]
[Source "ChessBase"]
[SourceDate "2007.11.25"]
[SourceVersion "1"]
[SourceVersionDate "2007.11.25"]
[SourceQuality "1"]
[WhiteTeam "Neutraubling"]
[BlackTeam "Bamberg SC II"]
[WhiteTeamCountry "GER"]
[BlackTeamCountry "GER"]

1. d4 f5 2. g3 Nf6 3. Bg2 g6 4. b3 Bg7 5. Bb2 0-0 6. Nd2 d5 7. Nh3 c6 8. 0-0 e6 9. Nf4 Ne4 10. Nd3 a5 11. Ne5 a4 12. Nxe4 fxe4 13. f3 Qb6 14. Kh1 exf3 15. exf3 Nd7 16. Ng4 Qa5 17. Qe1 Qxe1 18. Rfxe1 h5 19. Nf2 c5 20. Rxe6 axb3 21. axb3 Rxa1+ 22. Bxa1 Kf7 23. Re1 cxd4 24. Nd3 Nb6 25. Ne5+ Bxe5 26. Rxe5 Bf5 27. Bxd4 Nd7 28. Re2 Rc8 29. c3 Ra8 30. h3 Ra3 31. b4 Bd3 32. Rd2 Bc4 33. Kh2 Ke6 34. f4 Nb8 35. Rc2 Nc6 36. Bf2 Bd3 37. Rc1 Ra2 38. Kg1 Be4 39. Bf1 Kf5 40. b5 Na5 41. Re1 Nb3 42. Re2 Ra3 43. Bg2 Nc1 44. Bxe4+ dxe4 45. Rc2 Rxc3 46. Rxc3 Ne2+ 47. Kf1 Nxc3 48. b6 h4 49. g4+ Kxf4 50. Bxh4 g5 51. Be1 Nd5 52. Kf2 e3+ 53. Kg2 Nxb6 54. Bg3+ Ke4 55. Bc7 Nd5 56. Bd8 Nf4+ 57. Kg3 Ne6 58. Bb6 e2 59. Ba5 b6 60. Be1 Nf4 0-1

[Event "Landesliga Nord 0405"]
[Site "Bayern"]
[Date "2005.01.16"]
[Round "5.4"]
[White "Saring, Christoph"]
[Black "Bayer, Christian"]
[Result "0-1"]
[WhiteElo "1995"]
[BlackElo "2140"]
[PlyCount "64"]
[EventDate "2004.10.24"]
[EventType "team-tourn"]
[EventRounds "9"]
[EventCountry "GER"]
[SourceTitle "EXT 2008"]
[Source "ChessBase"]
[SourceDate "2007.11.25"]
[SourceVersion "1"]
[SourceVersionDate "2007.11.25"]
[SourceQuality "1"]
[WhiteTeam "Bamberg SC II"]
[BlackTeam "Regensburg Fortuna II"]
[WhiteTeamCountry "GER"]
[BlackTeamCountry "GER"]

1. f4 d5 2. c4 c6 3. e3 Nf6 4. Nf3 e6 5. d4 Be7 6. Bd3 0-0 7. 0-0 c5 8. Nc3 Nc6 9. a3 a6 10. dxc5 dxc4 11. Bxc4 Bxc5 12. b4 Ba7 13. Qe2 b5 14. Bb3 Bb7 15. h3 Ne7 16. Kh2 Qc7 17. Bb2 Nf5 18. Nd1 Nxe3 19. Be5 Nxf1+ 20. Qxf1 Qe7 21. Nc3 Rac8 22. Re1 Nd7 23. Ne4 Nxe5 24. fxe5 Bxe4 25. Rxe4 Rc3 26. Ba2 Rfc8 27. Rg4 Qc7 28. Bb1 g6 29. Qe2 Re3 30. Qd2 Rd8 31. Qa2 Kg7 32. Rg5 Qc1 0-1

[Event "Landesliga Nord 0405"]
[Site "Bayern"]
[Date "2004.10.24"]
[Round "1.4"]
[White "Saring, Christoph"]
[Black "Aulinger, Reimund"]
[Result "1/2-1/2"]
[WhiteElo "1995"]
[BlackElo "2116"]
[PlyCount "83"]
[EventDate "2004.10.24"]
[EventType "team-tourn"]
[EventRounds "9"]
[EventCountry "GER"]
[SourceTitle "EXT 2008"]
[Source "ChessBase"]
[SourceDate "2007.11.25"]
[SourceVersion "1"]
[SourceVersionDate "2007.11.25"]
[SourceQuality "1"]
[WhiteTeam "Bamberg SC II"]
[BlackTeam "Bindlach II"]
[WhiteTeamCountry "GER"]
[BlackTeamCountry "GER"]

1. e4 e6 2. d4 d5 3. exd5 exd5 4. Bd3 Nc6 5. c3 Bd6 6. Qc2 Nge7 7. Bg5 h6 8. Bh4 Be6 9. Nd2 Qd7 10. Bg3 Bxg3 11. fxg3 Bf5 12. 0-0-0 0-0-0 13. Rf1 g6 14. h3 Rhe8 15. g4 Bxd3 16. Qxd3 f5 17. Ngf3 fxg4 18. hxg4 Qxg4 19. Rxh6 Nf5 20. Rh7 a6 21. Re1 Rxe1+ 22. Nxe1 Re8 23. Ndf3 Nd6 24. b3 Qg3 25. Rh1 g5 26. Rf1 Ne4 27. Kb2 g4 28. Ne5 Nxe5 29. dxe5 Qxe5 30. Nc2 c5 31. Rf7 Nd6 32. Rf2 g3 33. Rf3 Ne4 34. Rf7 Nd6 35. Rf3 Ne4 36. Rf7 Qe6 37. Rf3 Rd8 38. Rf4 Qe5 39. Rf7 Qh5 40. Re7 Qg5 41. Rf7 Qg6 42. Qf3 1/2-1/2

[Event "Landesliga Nord 0203"]
[Site "Bayern"]
[Date "2003.01.26"]
[Round "5.4"]
[White "Saring, Christoph"]
[Black "Seeger, Werner"]
[Result "1/2-1/2"]
[WhiteElo "2028"]
[BlackElo "2108"]
[PlyCount "130"]
[EventDate "2002.10.20"]
[EventType "team"]
[EventRounds "9"]
[EventCountry "GER"]
[SourceTitle "EXT 2004"]
[Source "ChessBase"]
[SourceDate "2003.11.25"]
[SourceVersion "1"]
[SourceVersionDate "2003.11.25"]
[SourceQuality "1"]
[WhiteTeam "Bamberg II"]
[BlackTeam "Burgsinn"]
[WhiteTeamCountry "GER"]
[BlackTeamCountry "GER"]

1. c4 e6 2. f4 d5 3. e3 Nf6 4. Nf3 Be7 5. Nc3 0-0 6. d4 b6 7. Be2 Bb7 8. 0-0 c5 9. b3 Nc6 10. Na4 Ne4 11. Bb2 Rc8 12. a3 Na5 13. Rc1 Bd6 14. dxc5 bxc5 15. Bd3 d4 16. Qc2 f5 17. exd4 Bxf4 18. Rce1 Bd6 19. Kh1 cxd4 20. Bxd4 Nc6 21. Bb2 Ne7 22. Nc3 Nc5 23. b4 Nxd3 24. Qxd3 Bxf3 25. Rxf3 e5 26. c5 Bb8 27. Qc4+ Kh8 28. Rd3 Qe8 29. Nb5 e4 30. Nd6 Bxd6 31. Rxd6 Ng8 32. Qd5 Rf7 33. h3 Qe7 34. c6 Rc7 35. b5 Qh4 36. Bc3 Qg3 37. Qd4 f4 38. Qxe4 f3 39. Rd2 fxg2+ 40. Rxg2 Qxc3 41. Re3 Qf6 42. a4 Rce7 43. Qd3 Rxe3 44. Qxe3 Qa1+ 45. Kh2 Qxa4 46. Qe5 Qc4 47. Rd2 Re7 48. Qb8 h6 49. Rf2 Kh7 50. Rg2 Nf6 51. Qd6 Nd5 52. Qg6+ Kh8 53. Rf2 Re2 54. Qf7 Rxf2+ 55. Qxf2 Nf4 56. Qe3 Ne6 57. Qe5 Kg8 58. Qb8+ Kh7 59. Qe5 Qc2+ 60. Kh1 Qb1+ 61. Kh2 Qc2+ 62. Kh1 Qd1+ 63. Kg2 Qd2+ 64. Kh1 Qc1+ 65. Kg2 Qc2+ 1/2-1/2